Cinética de disolución de medicamentos /
Guardado en:
| Autor Principal: | |
|---|---|
| Autor Corporativo: | |
| Formato: | Libro |
| Idioma: | Spanish |
| Publicado: |
Washington, D.C. :
Secretaría General de la Organización de los Estados Americanos, Programa Regional de Desarrollo Científico y Tecnológico,
1981.
|
| Series: | Serie de química ;
monografía no. 24 |
| Materias: | |
| Etiquetas: |
Agregar Etiqueta
Sin Etiquetas, Sea el primero en etiquetar este registro!
|
| LEADER | 01031cam a22002535a 4500 | ||
|---|---|---|---|
| 001 | EIQ.libpla000398 | ||
| 008 | 820518s1981####dcua#####b###i000#0#spa#d | ||
| 005 | 20060808170821.0 | ||
| 245 | 1 | 0 | |a Cinética de disolución de medicamentos / |c por Edison Cid Cárcamo. |
| 260 | |a Washington, D.C. : |b Secretaría General de la Organización de los Estados Americanos, Programa Regional de Desarrollo Científico y Tecnológico, |c 1981. | ||
| 300 | |a vi, 102 p. : |b il. ; |c 23 cm. | ||
| 440 | 0 | |a Serie de química ; |v monografía no. 24 | |
| 504 | |a Incluye referencias bibliográficas. | ||
| 020 | |z 0827013944 (pbk.) | ||
| 100 | 1 | |a Cid Cárcamo, Edison. | |
| 710 | 2 | |a Organización de los Estados Americanos (OEA). |b Programa Regional de Desarrollo Científico y Tecnológico. | |
| 082 | 0 | 0 | |a 615/.19 |2 19 |
| 650 | 4 | |a Drogas |x Solubilidad. | |
| 650 | 4 | |a Drogas |x Prueba. | |
| 650 | 0 | |a Drugs |x Testing. | |
| 650 | 0 | |a Drugs |x Solubility. | |
| 010 | |a 82106036 | ||
| 040 | |a DLC |c DLC |d AR-BbSID | ||
| 859 | |a AR-BbSID |b BIB. PLAPIQUI |h 531.113 |i Ca 11 |p 5267 | ||
